000 00535nam a2200157 a 4500
001 000047013
005 20201002053303.0
008 180411s2015 dr a 000 spa d
020 _a9789945595260
040 _aDO-SdBNP
_bspa
_cBNPHU
082 _axxxx
_bR382
245 0 _aReligión formación humana y religiosa 1 :. :
_bformación humana y religiosa, primer grado, primer ciclo educación primaria.
260 _aSanto Domingo :
_bActualidad Escolar,
_c2015.
300 _a120 p. :
_bil ;
_c29 cm.
590 _aInventariado, 2018 / DG
999 _c46501
_d46501